|
|
|
|
| LEADER |
00622nam a22001577a 4500 |
| 082 |
|
|
|a M09
|b GEO/A
|
| 100 |
|
|
|a George Mannikarottu
|9 51843
|
| 245 |
|
|
|a Americayile malayala sahithya charithram/
|c by George Mannikarottu
|
| 260 |
|
|
|a Thiruvananthapuram:
|b Prabhatham Printing and Publishing,
|c 2009.
|
| 300 |
|
|
|a 254p.
|
| 650 |
|
|
|a Literature Malayalam Criticism
|9 51844
|
| 650 |
|
|
|a Literature Malayalam
|9 51845
|
| 650 |
|
|
|a Literature
|9 51846
|
| 942 |
|
|
|c BK
|
| 999 |
|
|
|c 72469
|d 72469
|
| 952 |
|
|
|0 0
|1 0
|4 0
|6 M_09_000000000000000_GEO_A
|7 0
|9 93225
|a SSUS
|b SSUS
|c STACKS
|d 2018-06-18
|g 150.00
|o M09 GEO/A
|p 090314
|r 2018-06-18
|w 2018-06-18
|y BK
|